Pays les plus froids - Statistiques

Statistiques générales
  • Ce quiz a été pris 90 538 fois
    26 401 depuis la dernière actualisation
  • Le résultat moyen est 13 sur 20
Statistiques - réponses
°C Pays % Correct
-3,8 Russie
98%
-4,5 Canada
97%
2,7 Norvège
95%
3,4 Suède
94%
2,6 Finlande
93%
2,3 Islande
86%
6,3 Estonie
75%
0,7 Mongolie
75%
6,8 Lettonie
74%
7,3 Lituanie
73%
7,9 Chine
67%
7,3 Biélorussie
65%
7,3 Kazakhstan
63%
7,1 Corée du Nord
49%
2,8 Kirghizistan
43%
2,8 Tadjikistan
43%
6,9 Suisse
42%
7,6 Autriche
34%
5,6 Bhoutan
33%
7,6 Liechtenstein
24%
Aucun quiz correspondant
Distribution des résultats
% des personnes avec chaque résultat
Percentile par nombre de réponses
Votre historique - résultats
Vous n’avez pas pris ce quiz depuis la dernière actualisation